01427njm a2200325 i 4500003000400000005001700004008004100021020001500062040003500077041000800112090001100120100006300131245010800194250002300302264003200325300006000357336002700417337003300444338002800477490004000505505013200545521005400677650005300731650005600784650004900840700003300889942002000922999001700942952014200959OSt20201111170410.0180815s2016 ck g 000 0 spa d a9589494374 aCO-BoRNBPbspacCO-BoRNBPerda aspa aC TOL11 aTolstói, León Nikoláievichd1828-1910eautor911131710aIván el imbécil y otros cuentoscLeon Tolstoy ; leído por Guillermo Piedrahitah[Registro sonoro] aPrimera edición  1aBogotábYoyo Librosc2016 a3 discos compactos (180 minutos)bsonoro digitalc13 cm atextobtxt2rdacontent asin mediaciónbn2rdamedia avolumenbnc2rdacarrier aAudio libros. Literatura para oír aCD1. Iván el imbecil -- CD2. Emilian, el obrero -- El origen del mal -- El cirio -- El primer destilador -- CD3. Dos ancianos aRecomendado para un público mayor de 15 años.17aCuentos rusosvDiscos compactos 2ARMARC911131817aLiteratura rusa vDiscos compactos 2ARMARC911131917aAventurasvDiscos compactos 2ARMARC91113201 aPiedrahita, Guillermo994728 2ddccAUDIOLIBRO c12624d12624 00102ddc42708MULaBPMOSbBPMOSd2020-11-11iNtl2oC TOL1pMOS500197r2025-06-26s2025-06-19tEj 1w2020-11-11yAUDIOLIBROzOcho dias